01103naa#a2200169#i#4500001001600000005001700016011001400033100004100047102000700088200025700095210020500352215001000557608004500567675023900612700005200851856003000903RU\\bibl\11972920260430114248.4##a1994-4683##a20260429b2026####ek#y0rusy0150####ca##aRU1#aСтруктура и содержание образовательной программы повышения квалификации футбольных арбитров в Российской ФедерацииeЖурнальная статья1#aМоскваcНациональный государственный Университет физической культуры, спорта и здоровья им. П.Ф. Лесгафтаd2026##a6 с.##aЖурнальная статья2local##aПрофессиональные спортивные кадры. Профессиональные учителя физкультуры, инструкторы, тренеры, спортивные руководители. 796.071.4#1aТурбинgЕвгений Андреевич4#auchzapiski.lesgaft.spb.ru